[Event "Wch U16 blitz"]
[Site "Batumi"]
[Date "2023.06.11"]
[Round "10"]
[White "Lagardien, Ismaeel"]
[Black "Nahapetyan, Davit"]
[Result "0-1"]
[WhiteElo "1279"]
[BlackElo "1711"]
[PlyCount "93"]
[EventDate "2023.06.10"]
[EventType "swiss (blitz)"]
[EventRounds "11"]
[EventCountry "GEO"]
[SourceTitle "EXT 2024"]
[Source "ChessBase"]
[SourceDate "2023.10.10"]
[SourceVersion "1"]
[SourceVersionDate "2023.10.10"]
[SourceQuality "1"]
[WhiteTeam "South Africa"]
[BlackTeam "Armenia"]
[WhiteTeamCountry "RSA"]
[BlackTeamCountry "ARM"]

1. e4 d5 2. exd5 Nf6 3. Nc3 Nxd5 4. d4 Nc6 5. Nf3 Bg4 6. Be2 e6 7. Nxd5 exd5 8. 0-0 Bd6 9. h3 Bh5 10. c3 0-0 11. Bg5 f6 12. Be3 Re8 13. Re1 Ne7 14. Bd3 c6 15. Rc1 Bg6 16. Bxg6 Nxg6 17. Qb3 Qc7 18. c4 dxc4 19. Qxc4+ Qf7 20. Nd2 Nf4 21. Qxf7+ Kxf7 22. Rc3 Re7 23. Rb3 a5 24. Rd1 a4 25. Rb6 Nd5 26. Nc4 Nxb6 27. Nxb6 Ra6 28. Nc4 Bc7 29. g3 b5 30. Nd2 Ra8 31. Rc1 Bxg3 32. Rxc6 f5 33. Rc5 f4 34. Nf3 fxe3 35. fxg3 e2 36. Kf2 Rd8 37. Ne5+ Kg8 38. Kxe2 Rxd4 39. Kf3 g6 40. Rxb5 Kg7 41. Nc6 Rf7+ 42. Ke3 Rd6 43. Ne5 Re7 44. Kf4 Rd4+ 45. Ke3 Rd1 46. Kf4 Rf1+ 47. Kg4 0-1

[Event "Wch U16 blitz"]
[Site "Batumi"]
[Date "2023.06.10"]
[Round "6"]
[White "Nahapetyan, Davit"]
[Black "Paikens, Reinis"]
[Result "1-0"]
[WhiteElo "1711"]
[BlackElo "1886"]
[PlyCount "45"]
[EventDate "2023.06.10"]
[EventType "swiss (blitz)"]
[EventRounds "11"]
[EventCountry "GEO"]
[SourceTitle "EXT 2024"]
[Source "ChessBase"]
[SourceDate "2023.10.10"]
[SourceVersion "1"]
[SourceVersionDate "2023.10.10"]
[SourceQuality "1"]
[WhiteTeam "Armenia"]
[BlackTeam "Latvia"]
[WhiteTeamCountry "ARM"]
[BlackTeamCountry "LAT"]

1. e4 c5 2. c3 d5 3. exd5 Qxd5 4. d4 Nc6 5. Nf3 cxd4 6. cxd4 Bg4 7. Be2 e6 8. Nc3 Bb4 9. h3 Bh5 10. 0-0 Bxc3 11. bxc3 Nf6 12. Ba3 Ne4 13. Qd3 Bg6 14. c4 Qa5 15. Qb3 Rb8 16. d5 Nd2 17. Nxd2 Nd4 18. Qe3 Nxe2+ 19. Kh1 Nc3 20. Bb2 Na4 21. Qe5 Ke7 22. d6+ Kd7 23. Qxa5 1-0

[Event "Wch U16 rapid"]
[Site "Batumi"]
[Date "2023.06.06"]
[Round "3"]
[White "Nahapetyan, Davit"]
[Black "Lagardien, Ismaeel"]
[Result "0-1"]
[WhiteElo "1669"]
[BlackElo "1288"]
[PlyCount "110"]
[EventDate "2023.06.06"]
[EventType "swiss (rapid)"]
[EventRounds "11"]
[EventCountry "GEO"]
[SourceTitle "EXT 2024"]
[Source "ChessBase"]
[SourceDate "2023.10.10"]
[SourceVersion "1"]
[SourceVersionDate "2023.10.10"]
[SourceQuality "1"]
[WhiteTeam "Armenia"]
[BlackTeam "South Africa"]
[WhiteTeamCountry "ARM"]
[BlackTeamCountry "RSA"]

1. e4 e6 2. b3 d5 3. Bb2 Nf6 4. exd5 exd5 5. Nf3 Bd6 6. Bd3 0-0 7. 0-0 Bg4 8. h3 Bh5 9. Re1 Nbd7 10. Nc3 c6 11. Be2 Re8 12. Nd4 Bg6 13. d3 Rc8 14. Qd2 Qc7 15. Bf3 Bh2+ 16. Kh1 Bf4 17. Rxe8+ Rxe8 18. Qd1 Ne5 19. Nce2 Bg5 20. Ng3 Bh4 21. a4 a6 22. b4 Bxg3 23. fxg3 b6 24. Nb3 c5 25. bxc5 bxc5 26. d4 Nxf3 27. Qxf3 Be4 28. Qf4 Qxf4 29. gxf4 c4 30. Nc5 Bxc2 31. Nxa6 Ra8 32. Nc5 Nh5 33. a5 Nxf4 34. a6 Nd3 35. Bc3 g6 36. Nd7 Nf2+ 37. Kh2 Ne4 38. Be1 Bd3 39. Ra3 c3 40. Bxc3 Rxa6 41. Rxa6 Bxa6 42. Bb2 Kg7 43. g4 Nd2 44. Kg2 Bd3 45. Kf2 Be4 46. Nc5 f5 47. Bc3 Nc4 48. Ne6+ Kf6 49. Nf8 h5 50. gxh5 gxh5 51. Kg3 Nd6 52. Nd7+ Kg7 53. Kf4 Nb5 54. Bb2 Kf7 55. Kg5 Bg2 0-1